आखिर वह एक नदी थी / (Record no. 117902)

MARC details
000 -LEADER
fixed length control field 00968nam a22002537a 4500
005 - DATE AND TIME OF LATEST TRANSACTION
control field 20170124103102.0
010 ## - LIBRARY OF CONGRESS CONTROL NUMBER
LC control number A-742265
020 ## - INTERNATIONAL STANDARD BOOK NUMBER
Terms of availability 60.00
International Standard Book Number 8185045356
035 ## - SYSTEM CONTROL NUMBER
System control number A-742265
037 ## - SOURCE OF ACQUISITION
Source of stock number/acquisition Cen Lib/Ret
040 ## - CATALOGING SOURCE
Original cataloging agency DPL
Language of cataloging HN
082 ## - DEWEY DECIMAL CLASSIFICATION NUMBER
Classification number
Item number खड़से
100 ## - MAIN ENTRY--PERSONAL NAME
Personal name खड़से, दामोदर
9 (RLIN) 77406
245 ## - TITLE STATEMENT
Title आखिर वह एक नदी थी /
Statement of responsibility, etc दामोदर खड़से
246 ## - VARYING FORM OF TITLE
Title proper/short title Aakhir vah ek nadee thee /
Remainder of title by Damodar Khadse
260 ## - PUBLICATION, DISTRIBUTION, ETC. (IMPRINT)
Place of publication, distribution, etc दिल्ली
Name of publisher, distributor, etc दिशा प्रकाशन
Date of publication, distribution, etc 1995
270 ## - ADDRESS
Address 138/16, त्रिनगर
City दिल्ली
300 ## - PHYSICAL DESCRIPTION
Extent 139पृ.
Dimensions 17सेमी (सजिल्द)
Other physical details
650 ## - SUBJECT ADDED ENTRY--TOPICAL TERM
Topical term or geographic name as entry element साहित्य--कहानियां
9 (RLIN) 1200
650 ## - SUBJECT ADDED ENTRY--TOPICAL TERM
Topical term or geographic name as entry element हिन्दी कहानियां
9 (RLIN) 77407
650 ## - SUBJECT ADDED ENTRY--TOPICAL TERM
Topical term or geographic name as entry element Literature--Stories
9 (RLIN) 77408
650 ## - SUBJECT ADDED ENTRY--TOPICAL TERM
Topical term or geographic name as entry element Hindi Stories
9 (RLIN) 77409
942 ## - ADDED ENTRY ELEMENTS (KOHA)
Source of classification or shelving scheme Dewey Decimal Classification
Koha item type Hindi Books
Classification part
Call number suffix खड़से
Holdings
Withdrawn status Lost status Damaged status Not for loan Home library Current library Date acquired Source of acquisition Cost, normal purchase price Total Checkouts Full call number Barcode Date last seen Copy number Cost, replacement price Price effective from Koha item type
        Central Library Central Library 08/09/2015 Cen Lib/Ret 60.00   क खड़से A-742265 08/09/2015 1 60.00 08/09/2015 Hindi Books

© Delhi Public Library
Hit Counter
free hit counter